Fast Type - 1 to 25 - Statistics

General Stats
  • This quiz has been taken 138 times
  • The average score is 24 of 25
Answer Stats
Answer % Correct
1
100%
2
98%
3
98%
4
98%
5
98%
6
98%
7
98%
8
98%
10
97%
11
97%
12
97%
13
97%
14
97%
15
97%
16
97%
17
97%
9
97%
18
95%
19
95%
20
95%
21
95%
22
95%
23
95%
24
94%
25
94%
No matching quizzes found
Score Distribution
Percent of People with Each Score
Percentile by Number Answered
Your Score History
You have not taken this quiz